Dopady recese na ekonomickou aktivitu a zaměstnanost žen a mužů v České republice
Teórie objasňujúce odlišnosť dopadov ekonomikej krízy na ekonomický status mužov a žien.
Saved in:
| Main Author: | |
|---|---|
| Other Authors: | , |
| Format: | Book Chapter |
| Language: | Czech |
| Subjects: | |
| Tags: |
No Tags, Be the first to tag this record!
|
MARC
| LEADER | 00000naa a2200000 4500 | ||
|---|---|---|---|
| 001 | 0209674 | ||
| 005 | 20220713131037.2 | ||
| 041 | 0 | |a cze | |
| 044 | |a CZ | ||
| 245 | 1 | 0 | |a Dopady recese na ekonomickou aktivitu a zaměstnanost žen a mužů v České republice |c Tereza Vavřinová, Hana Říhová, Marta Salavová |
| 520 | |a Teórie objasňujúce odlišnosť dopadov ekonomikej krízy na ekonomický status mužov a žien. | ||
| 610 | 2 | 0 | |a analýza regresná |
| 610 | 2 | 0 | |a modely regresné |
| 610 | 2 | 0 | |a Česko |
| 610 | 2 | 0 | |a kríza hospodárska |
| 610 | 2 | 0 | |a muži |
| 610 | 2 | 0 | |a ženy |
| 610 | 2 | 0 | |a trh práce |
| 100 | 1 | |a Vavřinová, Tereza | |
| 700 | 1 | |a Říhová, Hana | |
| 700 | 1 | |a Salavová, Marta | |